00557nam a2200169Ia 4500008004100000020001500041041000800056082001900064100002200083245005400105250000600159260004300165300001200208650000900220999001900229952013900248210716s2004 xx 000 0 und d a8126504773 aeng a005.26301 DESM aDesmond, Michael. aMicrosoft office 2003 in 10 simple steps or less. a1 aNew DelhibWiley Publishing Inc.c2004 axix,618 aNone c187728d187728 001040708MCAaAIMITbAIMITeHigginbothams Pvt Ltdg299.00l0o005.26301 DESMpMCA07236r2026-05-23 00:00:00v239.20w2021-07-16yBK